[Event "EU-ch 19th"]
[Site "Batumi"]
[Date "2018.03.21"]
[Round "5"]
[White "Skoberne, Jure"]
[Black "Bok, Benjamin"]
[Result "0-1"]
[WhiteElo "2563"]
[BlackElo "2622"]
[Annotator "Bok,B"]
[PlyCount "78"]
[EventDate "2018.03.17"]
[EventType "swiss"]
[EventRounds "11"]
[EventCountry "GEO"]
[SourceTitle "CBM 184"]
[Source "ChessBase"]
[SourceDate "2018.05.16"]
[SourceVersion "1"]
[SourceVersionDate "2018.05.16"]
[SourceQuality "1"]

{This game was played in the 5th round. I had started quite well with 3.5/4
and even though I wouldn't have minded a draw so much, I was hoping for an
interesting game in which I would have my chances.} 1. d4 Nf6 2. Nf3 d5 3. Bf4
c5 4. e3 Nc6 5. Nbd2 Qb6 6. dxc5 Qxb2 7. c4 {This move, which has been played
only a couple of times, caught me by surprise.} ({In my preparation I had
mainly looked at the variations starting from the main move:} 7. Rb1) 7... g6 {
After some thought I finally decided on this move.} ({The alternatives are} 
7... e6) ({and} 7... Bf5 {but more high level games are needed to find out
what is the best against 7.c4.}) 8. Be2 ({Perhaps the critical line is} 8. cxd5
Nxd5 9. Rb1 Qa3 10. Rb3 Qa5 11. Qa1 $36) 8... Bg7 9. O-O O-O 10. Qc1 ({On} 10.
Rb1 {I was simply planning} Qxa2 {as the black queen can't ever be really
trapped.}) 10... Nh5 ({Perhaps even more accurate would have been} 10... Qxc1
11. Raxc1 Rd8 {followed by developing the light-squared bishop and Rac8.}) 11.
Qxb2 Bxb2 12. Bh6 ({In the event of} 12. Rab1 Nxf4 13. exf4 {it was important
that I had} dxc4 $1 14. Rxb2 c3 $15) 12... Bxa1 13. Bxf8 Kxf8 (13... dxc4 14.
Rxa1 Kxf8) 14. Rxa1 {I was quite happy to see this move (which was accompanied
with a draw offer) as I considered my position to be a bit better now without
much risk.} ({A better move was} 14. cxd5 Bf6 15. dxc6 bxc6 16. Rb1 $11 {
Black may have been gained the advantage of the bishop pair here but due to
the less than ideal coordination of his pieces the position should be equal.})
14... Nf6 15. Nd4 Bd7 16. Bf3 Nxd4 17. exd4 Bc6 18. Nb3 dxc4 $1 19. Bxc6 bxc6
20. Na5 {White will also get a far advanced passer now, but I saw the piece
configuration with the pawn on c3, knight on d5 and the rook coming in via the
b-file and knew I should have a large advantage.} c3 21. Rc1 Rb8 22. Kf1 Nd5
23. Nxc6 Rb2 24. a3 Nf4 $1 ({After} 24... Ke8 $6 {White escapes with} 25. g3
Rb3 26. Nb4 Nxb4 27. axb4 Rxb4 28. Rxc3 Rxd4 29. Ra3 Rc4 30. Rxa7 Rxc5 {
Even though I would have tried to win this position for a while, an
experienced player should draw this position without too much difficulty as
White.}) 25. Ne5 Ke8 ({Fortunately I saw that} 25... Ne2 $4 {is not possible
due to} 26. c6 $18 {and suddenly the tables are turned, the white c-pawn is
unstoppable!}) 26. Nc4 (26. c6 {will simply be met with} Kd8 27. c7+ Kc8) 26...
Ra2 27. Ne3 {Taking a pawn is never a bad idea.} Rxa3 28. Nd1 Nd5 29. Ke2 Kd7
30. Kd3 Kc6 {White is completely paralysed here and all pawn endgames are
winning for me due to the advantage of the outside passed pawn.} 31. g3 a5 32.
Ne3 c2+ 33. Kxc2 {This makes the win very easy} ({A more tenacious try would
have been} 33. Kd2 Nb4 34. Nxc2 Ra2 35. f4 f6 36. g4 e6 (36... e5 $2 37. g5)
37. h4 (37. Kc3 Rxc2+ 38. Rxc2 Nxc2 39. Kxc2 g5 40. fxg5 fxg5 $19 {followed by
41...e5}) 37... h5 38. gxh5 gxh5 39. Kc3 Rxc2+ 40. Rxc2 Nxc2 41. Kxc2 e5 42.
fxe5 fxe5 43. dxe5 Kxc5 {and Black wins by 1 tempo!} 44. Kb3 Kd5 45. Ka4 Kxe5
46. Kxa5 Kf4 47. Kb4 Kg4 48. Kc3 Kxh4 49. Kd2 Kg3 50. Ke1 Kg2 $19) 33... Rc3+ {
The rest is quite simple now: I will trade off everything, follow up with ..
e5xd4 and create a second passed pawn on the kingside.} 34. Kd2 Rxc1 35. Kxc1
Nxe3 36. fxe3 e5 37. Kc2 exd4 38. exd4 f5 39. Kb3 Kb5 {A very important win
which put me temporarily in the joint lead!} 0-1

[Event "EU-ch 19th"]
[Site "Batumi"]
[Date "2018.03.26"]
[Round "9"]
[White "Kravtsiv, Martyn"]
[Black "Bok, Benjamin"]
[Result "0-1"]
[WhiteElo "2685"]
[BlackElo "2622"]
[Annotator "Bok,B"]
[PlyCount "90"]
[EventDate "2018.03.17"]
[EventType "swiss"]
[EventRounds "11"]
[EventCountry "GEO"]
[SourceTitle "CBM 184"]
[Source "ChessBase"]
[SourceDate "2018.05.16"]
[SourceVersion "1"]
[SourceVersionDate "2018.05.16"]
[SourceQuality "1"]

{This game was played in the 9th round. After a good start (5/6) I had fallen
back due to a loss to Navara and the day before I spoiled a winning position
against Cheparinov. Nevertheless, I was up for a fight.} 1. d4 Nf6 2. Bf4 d5 3.
Nf3 c5 4. e3 Nc6 5. Nbd2 cxd4 {Deviating from my game from the 5th round where
I had gone} (5... Qb6) 6. exd4 Qb6 7. Nb3 {The only way to protect the d4- and
b2-pawns at once.} Bf5 8. a4 $5 $146 ({Another game continued:} 8. c3 e6 9. Nh4
Be4 10. f3 Bg6 11. Nxg6 hxg6 12. g4 Nd7 {Bakalarz,M -Erdos,V Differdange 2007,
and Black was completely fine.}) 8... a6 {The only convenient way to stop the
march of the a-pawn.} (8... e6 $6 9. a5 Qd8 10. a6 $16) 9. a5 Qd8 10. Bd3 Bxd3
11. Qxd3 e6 12. O-O {On one hand the pawn on a5 is nice for White, it ties up
the black queenside; on the other hand it can also become a target.} Be7 ({
Going after the pawn on a5 with} 12... Bb4 {is not quite easy since White has}
13. Ne5 Nxa5 14. Nxa5 Bxa5 15. Qb3 Bb6 16. Ra4 $1 {17.Rb4 follows and White
wins the pawn back with a slightly better position. For example:} O-O 17. Rb4
Ba7 18. Rxb7 $14 Bxd4 $4 19. Nc6 $18) 13. Ne5 O-O 14. Nxc6 bxc6 {I was not so
worried about the pawn structure transformation.} 15. Rfc1 Qd7 $6 {A slight
inaccuracy.} (15... Qc8 {Would have been a slightly more accurate way to move
the queen to b7.}) 16. c4 (16. Nc5 $1 Bxc5 17. dxc5) 16... Qb7 17. Nc5 Bxc5 18.
dxc5 Rfd8 19. Be5 Ne8 $1 {I was quite pleased when I found this move. The
activity of White's bishop will be limited after an eventual ...f6 and my
knight can always come back into play via c7.} 20. f4 {My opponent decided to
stop my idea of creating a nice centre with ...f6 and ...e5 but at the cost of
weakening his position.} f6 21. Bc3 dxc4 22. Qxc4 Rd5 23. Rd1 Rad8 24. Rxd5
Rxd5 25. Re1 Nc7 26. Re3 Qb5 {Not the most ideal configuration.} ({The planned
} 26... Kf7 {turned out to be not so easy as White has} 27. b4 Qb5 28. Qe4 {
and White has everything protected and is creating some threats of his own on
the kingside.}) 27. Qxb5 cxb5 ({The rook endgame which arises after} 27... Nxb5
28. Rxe6 Nxc3 29. bxc3 Rxc5 30. Re8+ (30. Kf2 $2 Kf7 31. Rd6 Ke7 $17) 30... Kf7
31. Rc8 {is just a draw.}) 28. b4 Rd1+ 29. Kf2 Kf7 ({I was just not in time to
get my 'dream' setup as} 29... Nd5 {runs into} 30. Rxe6 $1 Nxc3 31. Rxa6 {
and White's strong passed pawns guarantee him a draw.}) 30. Ke2 $2 ({I had
expected} 30. Re1 {after which I didn't see a way to find for an advantage. It
is is important for White that} Rd3 {can be met with} 31. Re3 Rxe3 32. Kxe3
Nd5+ 33. Kd4 Nxf4 34. c6 {Black may be able to stop the invasion of the white
king with} Ke7 35. Kc5 Nd5 {but has no useful moves to follow up with and
White has sufficient compensation.}) 30... Nd5 $1 {Perhaps Martyn just missed
this move.} 31. c6 $2 {Now White is just lost.} (31. Kxd1 Nxe3+ 32. Ke2 Nxg2
33. Kf3 Nh4+ 34. Ke4 Nf5 $19 {Black will block the c5-pawn with Ne7-c6 and
eventually push on the kingside.}) ({White would have retained some chances
for a draw with} 31. Rf3 Rg1 32. Kf2 Rb1 $17) 31... Rc1 32. Kd2 {This loses by
force but the alternatives did not offer much hope either.} (32. Bd2 Rxc6 $19)
32... Rxc3 {Liquidating into a winning pawn endgame.} 33. Rxc3 Nxc3 34. Kxc3 ({
The black knight is back just in time in the event of} 34. c7 Ne4+ 35. Kd3 Nd6
$19) 34... Ke7 35. Kd4 Kd6 36. c7 Kxc7 37. Kc5 h5 38. g3 g6 39. h3 g5 40. fxg5
fxg5 41. g4 h4 42. Kd4 Kd6 43. Ke4 e5 44. Kf5 Kd5 45. Kxg5 e4 ({White resigned
in view of} 45... e4 46. Kf4 (46. Kxh4 e3 47. Kg3 Ke4 48. g5 Kd3 49. g6 e2)
46... Kd4 47. g5 e3 48. g6 (48. Kf3 Kd3 49. g6 e2 50. g7 e1=Q 51. g8=Q Qf1+ 52.
Kg4 Qg2+) 48... e2 49. g7 e1=Q 50. g8=Q Qe4+ 51. Kg5 Qg2+) 0-1

[Event "Bayern-chI Bank Hofmann 16th"]
[Site "Bad Wiessee"]
[Date "2012.11.01"]
[Round "6"]
[White "Gutman, Lev"]
[Black "Rozentalis, Eduardas"]
[Result "0-1"]
[WhiteElo "2466"]
[BlackElo "2577"]
[Annotator "CB"]
[PlyCount "108"]
[EventDate "2012.10.27"]
[EventType "swiss"]
[EventRounds "9"]
[EventCountry "GER"]
[SourceTitle "EXT 2013"]
[Source "ChessBase"]
[SourceDate "2012.11.22"]
[SourceVersion "1"]
[SourceVersionDate "2012.11.22"]
[SourceQuality "1"]

1. Nf3 Nf6 2. g3 d5 3. Bg2 Bg4 4. O-O Nbd7 5. d4 c6 6. Ne5 Nxe5 7. dxe5 Nd7 8.
h3 Bh5 9. c4 e6 10. cxd5 cxd5 11. Nc3 Bb4 12. f4 O-O 13. Be3 Bg6 14. Bd4 Rc8
15. g4 Rc4 16. e3 Bxc3 17. bxc3 Be4 18. Bxe4 dxe4 19. Qb3 (19. Qb1 Nc5) 19...
Qc7 20. Rfb1 b6 21. a4 Rb8 22. Qb5 h6 23. Ra2 Qc8 24. Rb4 Rc6 25. Rg2 Nc5 {
Nun kommt Rozentalis gut ins Spiel} 26. g5 hxg5 27. Rxg5 Nd3 28. Rb1 a6 29. Qb3
b5 30. Qc2 bxa4 31. Rxb8 Qxb8 32. Qg2 {Das kann doch einen Seemann nicht
erschüttern!} Qb1+ 33. Kh2 Qb2 34. Rxg7+ Kf8 35. Rg8+ Ke7 36. Qxb2 Nxb2 37. c4
Nxc4 38. h4 Nd2 39. Rg2 Nf3+ 40. Kg3 Nxd4 41. exd4 f5 $1 42. h5 a3 43. h6 Kf7
44. Kh2 (44. Kh4 Rc1 45. Kg5 Rh1 46. Rc2 {hätte zum Remis ausgereicht}) 44...
Rc8 45. Ra2 Rh8 46. Rxa3 Rxh6+ 47. Kg2 Rg6+ 48. Kf2 Rg4 49. Rxa6 Rxf4+ 50. Ke2
Rh4 51. Ra7+ Ke8 {Diagramm #} 52. Ke3 (52. Ra6 Kd7 53. Ra7+ Kc6 54. Re7 f4 $1
55. Rxe6+ Kd5 56. Rd6+ Kc4 57. e6 Rh2+ $19) 52... Rh3+ 53. Kf4 Rf3+ 54. Kg5 e3
0-1

[Event "POL-ch 68th"]
[Site "Warsaw"]
[Date "2011.02.19"]
[Round "8"]
[White "Pakleza, Zbigniew"]
[Black "Krysztofiak, Marcin"]
[Result "0-1"]
[WhiteElo "2495"]
[BlackElo "2449"]
[Annotator "CB"]
[PlyCount "32"]
[EventDate "2011.02.12"]
[EventType "swiss"]
[EventRounds "9"]
[EventCountry "POL"]
[SourceTitle "CBM 140 Extra"]
[Source "ChessBase"]
[SourceDate "2011.03.01"]
[SourceVersion "1"]
[SourceVersionDate "2011.03.01"]
[SourceQuality "1"]

1. d4 Nf6 2. Nf3 d5 3. Bf4 c5 4. c3 Nc6 5. dxc5 {White is playing a Slav with
colours reversed. An additional tempo for Gf4 cannot do him any harm, can it?}
e6 6. b4 a5 7. Nd4 axb4 8. Nxc6 bxc6 9. cxb4 Ng4 $1 {#Suddenly, Bf4 became a
liability. Black threatens 10...Qf6 winning!} 10. Bg3 ({After} 10. e3 {White
may have feared} Qf6 11. Nd2 Nxf2 12. Kxf2 g5) 10... Qf6 11. Nd2 h5 12. h4 Ra3
$1 {Black's threats are more and more dangerous.} 13. Qc1 ({What could he do?} 
13. e3 {was met by} Nxe3 14. fxe3 Rxe3+ 15. Be2 Ba6 {winning}) (13. f3 {
was losing to} Ne3 14. Qc1 Qxa1 15. Qxa1 Nc2+ {and 16...Nxa1}) (13. Nf3 {
was not helpful either - after} Qc3+ 14. Nd2 Qxb4 {White's position is
lamentable}) ({Finally,} 13. Nb3 {leads to nowhere due to} Rxb3 14. axb3 Qc3+)
13... Rxg3 14. Nf3 ({Obviously,} 14. fxg3 {was out of question owing to} Qf2+
15. Kd1 Ne3# {. The text move traps the crazy rook and thus White could hope
he would be able to show some resistance.. .}) 14... Rxf3 15. exf3 Qe5+ 16. Be2
{#} Ba6 {The resistance is over and White resigned.} 0-1

[Event "Jermuk FIDE GP (Women)"]
[Site "Jermuk"]
[Date "2012.07.24"]
[Round "7"]
[White "Munguntuul, Batkhuyag"]
[Black "Mkrtchian, Lilit"]
[Result "1/2-1/2"]
[WhiteElo "2447"]
[BlackElo "2450"]
[Annotator "CB"]
[PlyCount "60"]
[EventDate "2012.07.16"]
[EventType "tourn"]
[EventRounds "11"]
[EventCountry "ARM"]
[EventCategory "11"]
[SourceTitle "CBM 150"]
[Source "ChessBase"]
[SourceDate "2012.09.14"]
[SourceVersion "1"]
[SourceVersionDate "2012.09.14"]
[SourceQuality "1"]

{After the opening phase Black emerged with a slight positional advantage. On
several occasions, Black could have opted for a more dynamic continuation.} 1.
d4 d5 2. Nf3 Nf6 3. Bf4 e6 4. e3 Nh5 5. Bd3 Nxf4 6. exf4 c5 7. c3 cxd4 8. Nxd4
Nc6 9. Bb5 Qb6 10. O-O Bc5 (10... Bd6 $5 11. g3 O-O {and White has certain
concerns regarding the development of her pieces. However, Lilit took a
cautious approach, avoiding complications. In the middle game, after some
pieces were exchanged, the risk in White's position diminished and after a few
more moves, a draw was agreed.}) 11. a4 Bxd4 12. Qxd4 Qxd4 13. cxd4 Ke7 14. Rd1
Bd7 15. Nc3 Rhc8 16. a5 Nb4 17. Be2 Rc7 18. g3 Rac8 19. Ra3 a6 20. Kg2 Kd6 21.
Rd2 Rb8 22. Rb3 Nc6 23. Ra3 Nb4 24. Rb3 Nc6 25. Ra3 Ne7 26. Na2 Rbc8 27. Nb4
Nc6 28. Na2 Ne7 29. Nb4 Nc6 30. Na2 Ne7 1/2-1/2

[Event "Sigeman & Co 21st"]
[Site "Malmo"]
[Date "2013.05.27"]
[Round "6"]
[White "Tikkanen, Hans"]
[Black "Hector, Jonny"]
[Result "1-0"]
[WhiteElo "2537"]
[BlackElo "2512"]
[Annotator "CB"]
[PlyCount "81"]
[EventDate "2013.05.22"]
[EventType "tourn"]
[EventRounds "7"]
[EventCountry "SWE"]
[EventCategory "15"]
[SourceTitle "CBM 155"]
[Source "ChessBase"]
[SourceDate "2013.07.16"]
[SourceVersion "1"]
[SourceVersionDate "2013.07.16"]
[SourceQuality "1"]

1. Nf3 d5 2. g3 ({Auch nach der Originalzugfolge} 2. d4 Nc6 {ist 3.g3
gegenüber dem üblichen} 3. c4 {eine ernstzunehmende Option.}) 2... Nc6 3. d4
{Dies ist nun eine Stellung der Tschigorin-Verteidigung, die immer etwas
unterschätzt wird.} ({Zur Pirc-Verteidigung mit vertauschten Farben führt} 3.
Bg2 e5 4. d3) 3... Bg4 {Im Gegensatzt zu vielen anderen Variante des
Damengambits, kann der schwarze weißfeidrige Läufer bequem entwickelt werden.
} ({Auch} 3... Bf5 {wird gespielt.}) 4. Bg2 Qd7 {Die Idee ist lange Rochade
und Lh3, vielleicht f6 und dann e5, wenn Weiß das zulässt.} 5. c4 {Nun muss
Schwarz aber erst einmal den Angriff auf d5 bedienen.} ({Häufiger wird} 5. h3
{gezogen:} Bf5 6. c4 e6 7. O-O {und nun z.B.:} O-O-O $5 (7... Nf6) 8. Nc3 Nge7
9. Qa4 f6 10. b4 dxc4 11. b5 Nb8 12. Qxa7 Nd5 13. Bb2 Bb4 14. Rfc1 Nxc3 15.
Bxc3 Bxc3 16. Rxc3 Qxb5 17. Qc5 Qxc5 18. dxc5 Rd5 19. Rxc4 Rhd8 20. Nh4 Rd1+
21. Rxd1 Rxd1+ 22. Kh2 Rd2 23. Ra4 Rxe2 24. Ra7 Rxf2 25. Nxf5 exf5 26. Kg1 Rb2
27. a4 c6 28. a5 Ra2 29. Bf1 Rc2 30. a6 Nxa6 31. Ra8+ Nb8 32. Ra5 Kc7 33. Bd3
Rc3 34. Bxf5 Rxg3+ 35. Kf2 Rc3 36. h4 g6 37. Be6 Na6 38. Bg8 h6 39. Bh7 Rxc5
40. Rxc5 Nxc5 41. Bxg6 Ne6 42. Ke3 Kd6 43. Ke4 Ng7 44. Kd4 b5 45. Kc3 c5 46.
Bd3 c4 47. Bg6 Kc5 48. Kb2 b4 49. Kc2 Kd4 50. Kb2 b3 51. Bh7 Kc5 52. Kc3 Ne8
53. Bg8 Nd6 54. Bd5 Kxd5 {0-1 (54) Tereick,B (2362)-Poetsch,H (2167) playchess.
com INT 2007}) 5... e6 ({Möglich ist außerdem} 5... dxc4 6. d5 Bxf3 7. Bxf3
Ne5 8. Bg2 e6 9. Qd4 Nc6 10. Qxc4 O-O-O 11. Nc3 exd5 ({Besser als} 11... Nb4
12. O-O exd5 13. Qb3 d4 $2 14. a3 Nc6 15. Nb5 Na5 16. Nxa7+ Kb8 17. Qb5 Qxb5
18. Nxb5 Bd6 19. Nxd6 Rxd6 20. Bf4 $18 {1-0 (44) Zaragatski,I (2490)-Nyback,T 
(2635) Germany 2011}) 12. Qxd5 Qxd5 13. Bxd5 Nd4 14. Rb1 (14. O-O $2 Nxe2+)
14... Ne6 {mit geringem weißem Vorteil (Läuferpaar).}) (5... O-O-O {kam auch
schon vor} 6. cxd5 Qxd5 7. Nc3 Qc4 8. d5 Bxf3 9. Bxf3 {und jetzt ist} Nf6 10.
e4 Nd4 11. Bg2 e5 {ganz gut spielbar für Schwarz.}) 6. cxd5 exd5 7. Nc3 Bb4 8.
O-O Nge7 $11 9. Qb3 (9. a3 Bxc3 10. bxc3 O-O 11. Re1 Rfe8 12. Bb2 Rad8 13. Nd2
Nc8 14. f3 Bh5 15. Qc2 Nb6 16. e4 Bg6 17. Qd1 Na5 18. Rc1 Nbc4 19. Nxc4 Nxc4
20. Ba1 f5 21. exd5 Bf7 22. Qd3 Bxd5 23. Bh3 g6 24. Kf2 Rxe1 25. Rxe1 Re8 26.
Rxe8+ Qxe8 27. g4 f4 28. Bf1 b5 29. Be2 Qe7 30. Qd1 Qe3+ 31. Kg2 a5 32. h4 a4
33. Bxc4 Bxc4 34. Bb2 Be2 {0-1 (34) Carlier,B (2437)-Smeets,J (2525) Hilversum
2006}) 9... a5 10. Nb5 {Ein neuer Versuch.} (10. Rd1 O-O 11. Bg5 f6 12. Bf4 Kh8
13. a3 Bxc3 14. Qxc3 Ng6 15. Be3 a4 16. Re1 Nce7 17. Rac1 c6 18. Nd2 Bh3 19.
Bh1 Nc8 20. f3 Nd6 21. Bf2 f5 22. e3 Rfe8 23. Qb4 b5 24. Qc3 Nc4 25. e4 fxe4
26. fxe4 Rf8 27. Nxc4 bxc4 28. exd5 cxd5 29. Re2 Bf5 30. Be3 Rab8 31. Rf2 Rb3
32. Qe1 h6 {0-1 (32) Oliwa,M (2407)-Rabiega,R (2548) Guben 2008}) 10... a4 11.
Qd1 O-O (11... a3 $5) 12. a3 Ba5 $5 ({Schwarz konnte hier auch einfach mit} 
12... Bd6 {fortsetzen.}) 13. Qxa4 Bxf3 {Holt sich den Bauern zurück.} ({
Schwarz könnte auch "auf Kompensation" spielen, denn Weiß ist nicht
besonders gut entwickelt.} 13... Bb6 $5) 14. Bxf3 Nxd4 15. Qxd4 Qxb5 16. b4 Bb6
17. Qd2 Rad8 $6 {Schwarz möchte d5-d4 spielen, gibt aber die Kontrolle über
das Feld a4 auf und erlaubt Weiß die Ausbreitung am Damenflügel.} (17... Rfd8
18. Bb2 Ng6 $5 {mit der Idee f6 und Se5.}) 18. a4 Qd7 19. a5 Ba7 20. Bb2 d4 $6
{Schwarz hat noch Ideen. Zuerst soll der Lh4 nach b7 gelockt werden.} ({
Objektiv besser war} 20... c6) 21. Bxb7 {Nun wird der weiße Läufer von
seinem Königsflügel abgeklemmt, aber der weiße a-Bauer ist jetzt ein
Freibauer.} c6 22. Ba6 (22. a6 $5) 22... Qh3 {Mit der Idee Td5 nach h5.} 23.
Kh1 ({Weiß konnte sich auch mit} 23. Qd3 Rd5 24. Qf3 Rh5 25. Qg2 {verteidigen,
}) 23... Nd5 ({Auf} 23... Rd5 {verteidigt sich Weiß nun mit} 24. Rg1 Rh5 25.
Rg2) 24. Rg1 (24. Bxd4 $4 Nc7 $19) 24... Nf6 ({Besser war} 24... Rd6 $5 {
mit der Idee c5.} 25. Bc4 (25. Rg2 $2 c5 26. b5 Nb4 27. Bb7 Qd7 $11) 25... Rb8
26. Bxd4 $5 (26. Bxd5 Rxd5 $11) (26. Ra3 $5) 26... Nf6 (26... Nc7 27. Bxf7+
Kxf7 28. Qf4+ $18) 27. Bxa7 Rxd2 28. Bxb8 {und der a-Bauer wird die Partie
entscheiden.}) 25. Rg2 Rd5 26. Bc4 Rh5 27. f3 {Wenn der Springer nach g4 käme,
wäre Weiß verloren. Nun ist der schwarze Angriff allerdings abgeschlagen.}
Qd7 (27... c5 28. b5 Bb8 29. e3 Bxg3 (29... dxe3 30. Qxe3 Bxg3 31. Bxf6 $18)
30. exd4 Bd6 31. Rf1 $18) 28. Rd1 c5 29. b5 {Das weiße Freibauernpaar am
Damenflügel entscheidet.} Bb8 30. e4 Re8 31. Kg1 Rhe5 32. Qd3 g5 33. b6 Qa4
34. a6 g4 35. Rf2 (35. Ra1 Qd7 36. a7 Bxa7 37. Rxa7 Qd6 38. Bxf7+ $18) 35...
gxf3 36. Rxf3 {Es folgen noch ein paar schwarze Kamikaze-Angriffe, die am
Ergebnis der Partie aber nichts mehr ändern.} Rxe4 37. Rxf6 Re3 38. Qf1 Bxg3
39. Bxf7+ (39. hxg3 Rxg3+ 40. Kh2 Qc2+ 41. Rf2 $18) 39... Kg7 40. Bxe8 Qxe8 41.
Rf7+ (41. Rf7+ Qxf7 42. Qxf7+ Kxf7 43. a7 $18) 1-0